О моделировании процесса образования сварочного аэрозоля, как элемента техносферы; Экология и безопасность в техносфере: современные проблемы и пути решения

Bibliographic Details
Parent link:Экология и безопасность в техносфере: современные проблемы и пути решения.— 2013.— [С. 289-293]
Main Author: Лытягин Е. В.
Corporate Author: Национальный исследовательский Томский политехнический университет
Other Authors: Гришагин В. М. Виктор Михайлович
Summary:Заглавие с экрана
Language:Russian
Published: 2013
Series:Технологии переработки отходов
Subjects:
Online Access:http://www.lib.tpu.ru/fulltext/c/2013/C52/091.pdf
Format: Electronic Book Chapter
KOHA link:https://koha.lib.tpu.ru/cgi-bin/koha/opac-detail.pl?biblionumber=604977

MARC

LEADER 00000naa2a2200000 4500
001 604977
005 20260325151623.0
035 |a (RuTPU)RU\TPU\conf\2262 
035 |a RU\TPU\conf\2260 
090 |a 604977 
100 |a 20140327d2013 k y0rusy50 ca 
101 0 |a rus 
102 |a RU 
135 |a drcn ---uucaa 
181 0 |a i  
182 0 |a b 
200 1 |a О моделировании процесса образования сварочного аэрозоля, как элемента техносферы  |f Е. В. Лытягин, В. М. Гришагин 
203 |a Текст  |c электронный 
215 |a 1 файл(287 Кб) 
225 1 |a Технологии переработки отходов 
300 |a Заглавие с экрана 
320 |a [Библиогр.: с. 293 (10 назв.)] 
337 |a Adobe Reader 
463 1 |0 (RuTPU)RU\TPU\conf\1010  |t Экология и безопасность в техносфере: современные проблемы и пути решения  |o сборник трудов Всероссийской научно-практической конференции, г. Томск, 27-28 ноября 2013 г.  |f Национальный исследовательский Томский политехнический университет (ТПУ), Юргинский технологический институт (ЮТИ) ; под ред. В. М. Гришагина и др.  |v [С. 289-293]  |d 2013 
610 1 |a электронный ресурс 
610 1 |a труды учёных ТПУ 
610 1 |a моделирование 
610 1 |a сварочные аэрозоли 
610 1 |a техносфера 
700 1 |a Лытягин  |b Е. В. 
701 1 |a Гришагин  |b В. М.  |c специалист в области экологии и безопасности жизнедеятельности  |c доцент Юргинского технологического института (филиала) Томского политехнического университета, кандидат технических наук  |f 1956-  |g Виктор Михайлович  |3 (RuTPU)RU\TPU\pers\24272  |9 10742 
712 0 2 |a Национальный исследовательский Томский политехнический университет  |c (2009- )  |9 26305 
801 1 |a RU  |b 63413507  |c 20101016 
801 2 |a RU  |b 63413507  |c 20140327  |g RCR 
856 4 |u http://www.lib.tpu.ru/fulltext/c/2013/C52/091.pdf 
942 |c CF